000 00725cam a2200241 4500
001 B1426
008 090401t1990 xxu||||| |||| 00| 0 eng d
035 _a(Sirsi) u44366
041 _aeng
050 _a721.0285425
110 _aRoyal Institute of British Architects
_92527
245 _aConstruction industry software selector 1990/91
250 _a2nd ed.
260 _aLondon
_bRIBA Services Limited
_c1990
300 _aca.200p. ; 21cm.
350 _a25
520 _aProduced in collaboration with Construction Industry Computing Association , IBM United Kingdom Limited and Oasys Limited .
650 _aBUILDING INDUSTRY
650 _aCOMPUTERS
650 _aEUROPE
942 _n0
948 _c04/03/1997
999 _c91504
_d91504